[Event "Paris FIDE GP"]
[Site "Elancourt"]
[Date "2013.09.24"]
[Round "3"]
[White "Nakamura, Hikaru"]
[Black "Bacrot, Etienne"]
[Result "1-0"]
[WhiteElo "2772"]
[BlackElo "2723"]
[Annotator "Gormally,D"]
[PlyCount "69"]
[EventDate "2013.09.22"]
[EventType "tourn"]
[EventRounds "11"]
[EventCountry "FRA"]
[EventCategory "20"]
[SourceTitle "CBM 157"]
[Source "ChessBase"]
[SourceDate "2013.11.12"]
[SourceVersion "1"]
[SourceVersionDate "2013.11.12"]
[SourceQuality "1"]

1. d4 d5 2. c4 e6 3. Nc3 Be7 4. cxd5 exd5 5. Bf4 c6 6. e3 Bf5 7. g4 {Naka
likes this line which has some similarities with the ultra-sharp advance
variation of the Caro-Kann. White elects to gain space on the kingside while
also pushing around the bishop on f5, which has to lose time. It is not
difficult to surmise that Nakamura's adoption of this line has something to do
with the admittedly rather short time he spent working with Kasparov, who
played this as early ago as 1985.} Be6 8. h4 Nd7 9. Bg3 {An interesting idea,
which had only been played in one game before. But of course it looks very
logical. Now not only does White defend the pawn on h4, but he introduces a
possible idea of Nh3-f4, (admittedly this cannot be played immediately, as the
h4-pawn would be enprise) putting further pressure on the Black position.} (9.
h5 {is perhaps the main line. White grabs some useful space, cramping the
black kingside.} Nh6 10. Be2 Nb6 11. Nh3 ({Kasparov had already tried} 11. Rc1
{many years ago, in his 1985 match with Karpov. That game ended in a draw})
11... g5 $5 12. hxg6 hxg6 13. Bg3 Qd7 14. Nf4 O-O-O 15. Nxe6 Qxe6 16. Rg1 Bd6
17. Qc2 Bxg3 18. Rxg3 f5 {Chances were roughly balanced in the game Nakamura,H
(2753)-Aronian,L (2807) Sao Paulo Bilbao 2011.}) (9. g5 $5 {is another option,
again grabbing some useful space. White now has the possibility of playing Bh3
and exchanging off this useful defensive piece on e6.} h6 10. g6 Ngf6 11. gxf7+
Bxf7 12. Bd3 Ne4 13. Bxe4 dxe4 14. Nge2 O-O 15. Qc2 Nf6 16. Rg1 Kh8 17. Be5 Qa5
18. Nf4 $40 {and with the open g-file, and strong bishop on e5, White had good
attacking chances in the game Nepomniachtchi,I (2717)-Ponomariov,R (2756) Riga
2013.}) 9... Ngf6 ({The solid} 9... Nb6 {can also be played.} 10. f3 Bd6 $1 {
A useful exchange, as the bishop on g3 is a very potent weapon for White
should Black ever think of castling queenside.} 11. Bxd6 Qxd6 12. Qc2 Ne7 13.
Bd3 h5 14. g5 O-O-O 15. Nge2 Kb8 16. Kf2 $5 {This looks risky but the king is
quite safe here for the moment. White wants to retain the possibility of
attacking on the queenside with his pawns, which would be an unlikely plan if
he castled on that side. Chances were again about equal in the game Nakamura,H
(2758)-Aronian,L (2802) Moscow 2011.}) 10. f3 $1 {If you didn't know anything
about this opening you'd assume it was a beginner playing White, as he has
only developed two pieces, while pushing many of his pawns. But these pawns
control some useful squares, limiting Black's ability to undertake active
measures.} Nb6 11. Bd3 Nc4 ({It may have been more sensible to fall back on
the plan that Aronian adopted, with} 11... Bd6 {my guess is then Naka would
have gone for something like} 12. Bxd6 (12. Bf2 $5 {retaining as many pieces
as possible is certainly not out of the question, although it looks a little
passive}) 12... Qxd6 13. Nge2 {followed by Qc2, and then Kf2 like in the
Aronian game, which no doubt Naka had already studied very closely. Of course
White could also simply castle queenside, as with his kingside pawns already
so advanced, he would have good chances of developing an intiative on that
side of the board.}) 12. Qe2 (12. Bxc4 {would rather play into White's hands.}
dxc4 13. e4 b5 14. Nge2 b4 15. Na4 Qa5 $36 {with excellent play for Black.})
12... c5 $2 {Given that White has taken liberties with his development, this
might seem quite logical. Try to open up the position while the opponent is
still slumbering, right? Unfortunately for Bacrot, it fails for tactical
reasons. Tactical reasons, which to be completely frank, at this level,
shouldn't have been particularly difficult to foresee.} (12... Bd6 {would have
avoided any immediate disaster, but I feel that White is better here as well.}
13. Bxd6 Qxd6 (13... Nxd6 {looks awkward, as it will surely run into an
e4-break at some point}) 14. O-O-O (14. Bxc4 dxc4 15. O-O-O h5 16. g5 Nd5 17.
Ne4 Qe7 {seems to give Black good chances, as ...Bf5 is threatened}) 14...
O-O-O 15. Bxc4 dxc4 16. e4 {gives White something of an edge, as he intends
simple development with Qe3, Nge2 etc. (as well as threatening the immediate
e5)}) 13. Bxc4 dxc4 14. d5 $1 {As usual, Naka is right on the money.
Tactically he's sound as a pound.} Nxd5 (14... Bxd5 {also leads to d-file
disaster after} 15. O-O-O {as Black can do little to save his piece, against
the many threats of e4, g5 and Be5.}) 15. O-O-O $1 Qa5 (15... Qd7 16. Nxd5 Bxd5
17. e4 $18) 16. Nxd5 (16. Rxd5 Bxd5 17. Nxd5 {also looks very good for White,
but Nakamura sees no reason not to grab as much booty as possible, confident
in his ability to steer his way through the complications.} Qxa2 (17... Bd8 18.
Qxc4 $18) 18. Qc2 $5 $16 (18. Nc7+ Kd7 19. Nxa8 (19. Qd1+ Kc6 20. Qd5+ Kb6 21.
Nxa8+ Rxa8 {and not only is no knock-out blow evident, but White may be in
some trouble as ...Rd8 is threatened}) 19... Rxa8 (19... c3 $2 20. Qb5+ Kc8 21.
bxc3 $18) 20. Qc2 {and with Ne2 coming, I struggle to see Black getting enough
action for his piece, for example} Bf6 21. Ne2 Qa1+ 22. Qb1 Bxb2+ 23. Kc2 Qxb1+
24. Rxb1 c3 25. Nxc3 $18) 18... Rd8 19. e4 $16) 16... Bxd5 17. Rxd5 Qxa2 18.
Qc2 $1 c3 (18... Bf6 19. Be5 $18) 19. b3 $1 {This comes as a blunt riposte to
any attempts by Black to cause trouble. Although the pawn on c3 remains
embedded in the position, with only a queen and a bishop currently in play,
there is unlikely to be any serious problems for White to solve.} Qa1+ 20. Qb1
Qa6 (20... Qa3+ 21. Kc2 c4 22. bxc4 Qa4+ 23. Qb3 $18) 21. Rh2 $141 $1 {
Covering the g2-square takes any sting out of the threat of ...Qf1.} O-O ({
Black could also try the rather desperate lunge} 21... c4 {trying to open up
the position even further, but White should keep control after} 22. Ra2 Qc6 23.
bxc4 O-O 24. Qd3 $18) 22. Ra2 Qb5 (22... Qc6 23. Qe4 {and Black is also
struggling to prove anything.}) 23. Ne2 Rfd8 24. Rxd8+ Rxd8 25. Be1 {White is
just up an extra piece. Players of the calibre of Nakamura very rarely fail to
take advantage of such situations.} c4 26. Nxc3 Qb6 (26... Qc6 27. Qe4 $18) 27.
Qe4 cxb3 28. Rd2 Rxd2 29. Bxd2 Bf8 30. Qd5 $18 Qb4 31. Qb5 Qa3+ 32. Kb1 a6 33.
Qxb7 Qd6 34. Qd5 Qh2 35. h5 1-0

[Event "IND-ch 50th"]
[Site "Kolkata"]
[Date "2012.10.03"]
[Round "3"]
[White "Grover, Sahaj"]
[Black "Debashis, Das"]
[Result "1/2-1/2"]
[WhiteElo "2516"]
[BlackElo "2454"]
[Annotator "Grover,S"]
[PlyCount "116"]
[EventDate "2012.10.01"]
[EventType "swiss"]
[EventRounds "13"]
[EventCountry "IND"]
[SourceTitle "CBM 151"]
[Source "ChessBase"]
[SourceDate "2012.11.13"]
[SourceVersion "1"]
[SourceVersionDate "2012.11.13"]
[SourceQuality "1"]

{This was the 3rd round of National Premier Championship, so far I had plus
one.} 1. d4 d5 2. c4 c6 3. Nf3 Nf6 4. Nc3 dxc4 5. a4 e6 {My third game against
the same guy in the same opening with the same colour :) in less than three
months.} 6. e4 Bb4 7. e5 Nd5 8. Bd2 b5 9. axb5 Bxc3 10. bxc3 cxb5 11. Ng5 Nc6
12. Qh5 Qe7 {Till now Das was playing very fast, I really wanted to know what
he had prepared against h4, but my preparation said otherwise!} 13. Be2 $5 (13.
h4 Bb7 (13... h6 14. Ne4) 14. Rh3) 13... b4 {Since White has already moved the
bishop from f1, it is suitable for Black to play b4 right away.} 14. Bxc4 (14.
O-O bxc3 15. Be3 {Anand-Karjakin} (15. Bc1 Nxd4 16. Bxc4 {Transposes to the
game})) 14... bxc3 15. Bc1 Nxd4 16. O-O h6 17. Rd1 $5 $146 {After the game Das
told me that he was following the game of Vitiugov-Jakovenko.} (17. Ne4 O-O 18.
Ba3 Qc7 19. Bxf8 Nf4 20. Qg4 Kxf8 21. Nd6 g5 22. g3 Bb7 23. Nxb7 h5 24. Qd1
Qxb7 25. gxf4 Nf3+ $11 {Vitiugov-Jakovenko}) 17... Nc2 (17... Nc6 $2 18. Ne4
O-O 19. Bxh6 $1) 18. Ra5 (18. Ra4 $5 Bd7 19. Ra5 {is also interesting, but
while I was preparing, it didn't seem very appealing to play the same position
with the Black bishop on d7, as nowthe Ra4-Rh4 manoeuvre won't work.}) 18...
O-O 19. Ne4 f5 $6 (19... Ncb4 {should have been played, although it is still
not clear:} 20. Bxd5 exd5 21. Nxc3 {and White can press a bit.}) 20. exf6 Nxf6
21. Qg6 $6 {This is surprisingly an error. And a big one.} (21. Qe2 $1 Nb4 22.
Nxc3 {with a fine position for White, the missing pawn is not so important
here I feel.}) 21... Nb4 22. Nxc3 Nc6 (22... Qf7 23. Qg3 {with great
initiative for White.}) 23. Ba3 Qe8 $6 (23... Qf7 $1 24. Qxf7+ Rxf7 25. Rc5 Bd7
26. Rxd7 Nxd7 27. Rxc6 Ne5 28. Rc5 Nxc4 29. Rxc4 a5 {and okay, White can push
a bit if he wants. but I don't think there is anything more than that.}) 24.
Qxe8 Rxe8 25. Rc5 Bb7 26. Rb1 $2 (26. f3 $1 {Moves like these don't strike
when you can win a piece by force. Unfortunately.} Rab8 27. Rd6 Nd8 28. Rc7 $16
{At least.}) 26... Nd7 $1 27. Rxb7 Nxc5 28. Bxc5 Na5 $3 {During the game I
completely forgot about this move!} 29. Rb4 Rac8 30. Ne4 Nxc4 31. Rxc4 Red8 $1
32. f3 Rd5 $1 {And White's pieces are totally paralysed, I can't get rid of
the pin without exchanging one of the rooks. And after that it's stupid to
even think of a win :)} 33. Kf2 {Okay, I tried a bit, and got into some
trouble. But managed to draw the game afterwards.} Kh7 34. Ke3 Kg6 35. Rc3 a6
36. h4 Rc7 37. g3 Rc8 38. g4 h5 39. Rc1 Rc7 40. Ke2 Rc8 41. Rc4 Rc7 42. gxh5+
Kxh5 43. Ng3+ Kg6 44. Rg4+ Kh7 45. Bb4 a5 46. Bd2 Rc2 47. Ne4 a4 48. Rg1 a3 49.
Ra1 a2 50. Kd1 Rb2 51. Kc1 Rb1+ 52. Rxb1 axb1=Q+ 53. Kxb1 Kg6 54. Bg5 Rf5 55.
Nd2 Rxg5 56. hxg5 Kxg5 57. Kc2 Kf4 58. Kd3 g5 1/2-1/2

[Event "Tata Steel-C 74th"]
[Site "Wijk aan Zee"]
[Date "2012.01.22"]
[Round "7"]
[White "Turov, Maxim"]
[Black "Grover, Sahaj"]
[Result "1/2-1/2"]
[WhiteElo "2640"]
[BlackElo "2532"]
[Annotator "Grover,S"]
[PlyCount "129"]
[EventDate "2012.01.14"]
[EventType "tourn"]
[EventRounds "13"]
[EventCountry "NED"]
[EventCategory "9"]
[SourceTitle "CBM 147"]
[Source "ChessBase"]
[SourceDate "2012.03.16"]
[SourceVersion "1"]
[SourceVersionDate "2012.03.16"]
[SourceQuality "1"]

{It was the 7th round of Tata steel. The whole tournament didn't go so well
for me, except for this game and probably another against Sadler.} 1. c4 e6 2.
d4 d5 3. Nc3 Be7 4. cxd5 exd5 5. Bf4 c6 6. Qc2 Nf6 7. h3 {As expected, in the
A group Carlsen had played the same move against Aronian and won in a great
style, I had given most of the time in my preparation to this move :)} Qa5 $5 {
A novelty by Anish Giri, who later told me that he had played it just like
that thinking it was his preparation (it was not), though I still wonder what
was Carlsen's preparation against this move.} 8. e3 (8. Nf3 Ne4 9. Bd2 Nxd2 10.
Nxd2 g6 {Luplescu-Anish.}) 8... Ne4 9. a3 Bf5 10. Bd3 Na6 11. Rc1 Nxc3 12. Qxc3
Qxc3+ 13. Rxc3 Bxd3 14. Rxd3 O-O-O {Already a dead equal position, but this
game surprisingly won the 'Piet Zwart' prize.} 15. Nf3 {My opponent later
confessed that he wanted to offer me a draw right away, but could not since it
was in the contract to not draw before 30 moves.} Nc7 16. Ke2 Bd6 17. Bxd6 Rxd6
18. Ne5 Rf8 19. Rc3 Nb5 20. Rc2 Re6 21. Kf3 Nd6 {I had analysed up till now 
(strange eh?), and well to be honest I have never liked to play the QGD with
the black pieces, because of the b4-b5 maneuvre, but after ...Nd6, I think
it's practically impossible.} 22. Rhc1 f6 23. Nd3 Re7 {Defending myself from
the Nf4-d5 threat.} 24. a4 Kd7 25. a5 a6 26. b3 Ke8 {We both were making all
these moves so fast, I was almost 90% sure that one of us would offer a draw
on the 30th move.} 27. h4 Kf7 28. g4 {Now this move was a little spooky, I
clearly couldn't understand what he wanted to do.} Kg8 29. Rg1 {Probably g5,
but on this move, A very interesting idea came to my mind, that led this to be
one of the best games of my life :)} Ne4 30. Ke2 (30. Rg2 {Maybe this coud've
stopped everything once and for all, but again even White has no plans ahead.})
30... f5 $5 31. g5 (31. gxf5 Rxf5 $11) 31... f4 $1 {I really liked this move,
He never saw it coming, that made me like this even more :), The idea is
simple:} 32. Ne5 $1 {[%cal Gf2f3]} (32. exf4 $2 Nxg5+ 33. Kf1 (33. Ne5 Ne6 $19)
33... Nf3 $19) (32. Nxf4 Rxf4 33. exf4 Nxg5+ 34. Kf1 (34. Kd3 Nf3 {[%cal Gf3e1]
}) (34. Kd1 Nf3 35. Rh1 Rf7 $1) 34... Nf3 35. Rh1 Nxd4 36. Rc3 Nf5 {And Black
rules.}) 32... c5 $5 (32... fxe3 33. fxe3 g6 {Was probably just equal, but
after playing a move like ...f4, I didn't really want to go back to my dull
position.}) 33. f3 fxe3 $5 (33... Ng3+ 34. Rxg3 fxg3 35. Rxc5 {While I was
analysing this position on the board, I realised that I was the one who wanted
to sacrifice the exchange for a few pawns, but instead....}) 34. fxe4 (34. g6
$5 {Computer move, nobody even thought of it on the board :)} h6 35. fxe4 Rf2+
36. Kd1 Rxc2 37. Kxc2 cxd4 $11) 34... cxd4 $6 (34... Rf2+ $1 {would've been
much easier to achieve equality.} 35. Kd1 Rxc2 36. Kxc2 cxd4 {But I failed to
realise that after} 37. Nf3 {Black has} d3+ $1 38. Kxd3 dxe4+ 39. Kxe3 exf3+
40. Kxf3 $11) 35. Ng4 {After this move I suddenly realised that White always
has the move Nf6, which shattered all my dreams of winning this game, So now I
had to play for equality, I must say I didn't feel very happy about ...f4
anymore :/} dxe4 (35... Rxe4 $5) 36. Rc4 (36. Rc5 $3 {[%cal Gc5d5] With the
idea to play Rd5, Probably the only chance for White to achieve any advantage.}
Ref7 37. Rc4 $8 (37. Rd5 $2 Rf2+ $1 38. Nxf2 Rxf2+ 39. Ke1 d3) 37... Rd8 38.
Rd1 Rf4 39. Nxe3 d3+ 40. Kd2 Rxh4 41. Kc3 $16) 36... d3+ 37. Ke1 (37. Kxe3 Rf3+
38. Kd2 e3+ 39. Ke1 e2 $11) 37... Rf3 38. Nf6+ {Spoiler alert!} Kf7 (38... Kf8
$5 {was better probably, eliminating the threat of g6+ followed by Ng5 in the
future.} 39. Nxe4 Re5 $1) 39. Nxe4 Kg6 (39... Re5 40. g6+ $1 $18) 40. Rd4 $1 {
The 40th move, I had approximately 50 seconds to think what to do here :),
Honestly speaking, I went with what my hand told me to play :), luckily it was
the only move in the position!} Rh3 $1 41. Rd6+ {The following few moves were
more or less forced.} (41. h5+ Rxh5 42. Rd6+ Kf7 43. Rf1+ Ke8 44. Rd4 Rd7 45.
Nd6+ Ke7 46. Nf5+ Kd8 47. Rxd7+ Kxd7 48. Nxe3 Rxg5 $11) 41... Kf5 (41... Kh5 $2
42. Ng3+ $1 Kg4 43. Ne2+ $1 Kf3 44. Rxd3 $18) 42. Ng3+ Kf4 43. Nh5+ {There
were 2 ways to draw this position, I chose the harder one.} Ke4 (43... Kf3 $5
44. Rxd3 Rc7 45. Kd1 Rxh4 46. Ng3 Kf2 47. Ne2 Rc5 $11) 44. Rg4+ Kf5 45. Rf4+
Ke5 46. Rxd3 Rc7 $1 {And the position is almost equal.} 47. Rfd4 {Not the best
move, the better try was:} (47. Rc4 Rxc4 48. bxc4 Ke4 49. Rd7 Rxh4 {but I
don't believe White has any chance of winning here, Black just has too many
pawns :)}) 47... Rc1+ $2 (47... g6 $1 48. Nf6 Rh1+ 49. Ke2 Rc2+ 50. Kf3 Rf1+
$11 {Sadly, I failed to see this genius idea.}) 48. Rd1 Rxd1+ 49. Rxd1 Rxh4 50.
Ng3 $6 (50. Nxg7 {was also equal, but still it was worth a shot.} Rg4 (50...
Ke4 $4 51. Rd4+ $1 $18) 51. Rd7 Rxg5 52. Ke2 (52. Ne8 h5) 52... Ke4 53. Re7+
Re5 54. Rxe5+ Kxe5 55. Kxe3 Kd5 56. Kd3 Kc5 57. Kc3 Kb5 58. Kd4 Kb4 $11) 50...
Rh3 $1 51. Nf1 e2 52. Kxe2 Rxb3 53. Rd7 Rb5 54. Ne3 Kf4 55. Nc4 Rxg5 56. Rxb7
h5 {And the rest was easy.} 57. Kf2 Rc5 58. Rb4 Ke4 59. Nd6+ Kd5 60. Nb7 Rb5
61. Rxb5+ axb5 62. Nd8 Kc5 63. Ne6+ Kc6 64. Nd4+ Kb7 65. Nxb5 1/2-1/2

[Event "IND-ch National Juniors"]
[Site "Ajmer"]
[Date "2012.09.11"]
[Round "11"]
[White "Grover, Sahaj"]
[Black "Debashis, Das"]
[Result "1-0"]
[WhiteElo "2514"]
[BlackElo "2451"]
[Annotator "Grover,S"]
[PlyCount "53"]
[EventDate "2012.09.01"]
[EventType "swiss"]
[EventRounds "11"]
[EventCountry "IND"]
[SourceTitle "CBM 151"]
[Source "ChessBase"]
[SourceDate "2012.11.13"]
[SourceVersion "1"]
[SourceVersionDate "2012.11.13"]
[SourceQuality "1"]

{The last round of National Juniors, I desperately needed a win, (and some
favourable results on other boards :) ). And I was pretty nervous before the
match, as I was up against a friend, who was a half point ahead of me at that
moment. What are friends for? :-)} 1. d4 d5 2. c4 c6 3. Nf3 Nf6 4. Nc3 dxc4 5.
a4 e6 {We had the exact game till now in the Isthmia Open (Greece). Debashis
doesn't play this line that often, so I played Bg5 last time. And he managed
to draw that game.} 6. e4 Bb4 7. e5 Nd5 8. Bd2 b5 9. axb5 Bxc3 10. bxc3 cxb5
11. Ng5 {Till now it's all theory, though at first glance Black looks in
trouble, but I believe with correct play, he can defend this position.} Nc6 {
The main line in this position, played by Karjakin, Jakovenko, Eljanov among
others.} (11... h6 12. Ne4 O-O) 12. Qh5 Qe7 13. h4 $5 {The idea behind this
move is pretty simple, White is just preparing the Rh3-Rf3 manoeuvre, and also
waiting for Black's only threat - b4, and to take the pawn on c4 in one go. i.
e. f1 to c4.} (13. Be2 b4 14. Bxc4 bxc3 15. Bc1) 13... Bb7 14. Rh3 {Now this
is a very complex variation, and to be honest, I had forgotten my preparation
after this point.} Nd8 15. Rg3 $5 {I thought for about half hour before
playing this, White just wants to play Ne4, also eyeing up the g7-pawn.} (15.
Ne4 Nf4 16. Bxf4 Bxe4) 15... g6 {A relatively forced reply by Black, any other
move would cause him some serious trouble. As Black doesn't have ...Nf4
anymore.} 16. Qh6 f6 $2 {The main idea behind Rg3, now the pawn on g6 is weak.}
({He should have continued with} 16... f5 {with the idea of}) 17. Ne4 $1 fxe5
18. Rxg6 Nf7 19. Nd6+ $1 {I had seen his when I played Rg3. Such moves are
easy to miss especially if you are on the defending side. Debashish had not
seen it coming, and his reaction was mixed. From shocked, to tense to relaxed
in just a few seconds!} Qxd6 20. Rxe6+ Ne7 21. Qf6 $1 (21. Rxd6 $2 Nxh6 22.
Bxh6 Nf5 23. Re6+ Kd7 {and the whole purpose behind Rg6 is defeated.}) 21...
Qc7 (21... Qd7 $2 22. Bg5 $18) 22. Be2 h5 $2 {The position is hopeless anyway.}
(22... Rg8 23. Bh5 Rg6 24. Bxg6 hxg6 25. Qxg6 Bd5 26. Raa6 $1 $18) (22... exd4
23. Bg5 {and Black is in big trouble.}) 23. Bg5 Nxg5 24. hxg5 Rg8 25. Bxh5+ Kd8
26. dxe5 Be4 27. Raa6 {He resigned. And, all the other games ended favourably
for me in the last round. Winning the Indian junior championship was special
and it was indeed nice to win a game like this!} 1-0

[Event "Belfort Comtois 4th"]
[Site "Belfort"]
[Date "1999.12.16"]
[Round "4"]
[White "Gurevich, Mikhail"]
[Black "Zvjaginsev, Vadim"]
[Result "1/2-1/2"]
[WhiteElo "2643"]
[BlackElo "2652"]
[Annotator "Gurevich,M"]
[PlyCount "34"]
[EventDate "1999.12.13"]
[EventType "tourn"]
[EventRounds "6"]
[EventCountry "FRA"]
[EventCategory "15"]
[SourceTitle "CBM 075"]
[Source "ChessBase"]
[SourceDate "2000.04.05"]
[SourceVersion "1"]
[SourceVersionDate "2000.04.05"]
[SourceQuality "1"]

1. c4 e6 2. Nc3 d5 3. d4 c6 4. e3 Nf6 5. Qc2 Nbd7 6. Bd2 g6 $5 7. Nf3 Bg7 8.
Be2 O-O 9. O-O dxc4 10. Bxc4 c5 11. dxc5 (11. Rfd1 cxd4 12. exd4 (12. Nxd4 Ne5
13. Be2 Bd7 14. e4 Rc8 $13) 12... Nb6 13. Bb3 Bd7 14. Ne5 $13) 11... Nxc5 12.
Rfd1 b6 $1 $13 (12... Bd7 13. b4 (13. Ne5 $5) 13... Na6 14. Qb3 $14) 13. Na4 (
13. e4 Bb7 14. Bh6 Qb8 15. Bxg7 Kxg7 $132) 13... Qc7 14. Bf1 Na6 15. Qxc7 Nxc7
16. Rac1 Ncd5 17. Nc3 (17. Bd3 $5 {(/\18.e4)} Bd7 18. b3 $14) 17... Bb7 1/2-1/2